Robust and adaptive model predictive control of non-linear systems
The following topics are dealt with: adaptive control; constrained nonlinear systems; disturbance attenuation; robust adaptive economic MPC; and discrete-time systems.
Saved in:
| Main Authors | , , |
|---|---|
| Format | Electronic eBook |
| Language | English |
| Published |
Stevenage, United Kingdom :
The Institution of Engineering and Technology,
2015.
|
| Series | IET control, robotics and sensors series ;
83. |
| Subjects | |
| Online Access | Full text |
| ISBN | 9781849195539 1849195536 9781523101047 1523101040 9781849195522 1849195528 |
| Physical Description | 1 online resource (xiii, 252 pages .) |
Cover
| LEADER | 00000cam a2200000 i 4500 | ||
|---|---|---|---|
| 001 | kn-ocn945718361 | ||
| 003 | OCoLC | ||
| 005 | 20240717213016.0 | ||
| 006 | m o d | ||
| 007 | cr cn||||||||| | ||
| 008 | 160115s2015 enka ob 001 0 eng d | ||
| 040 | |a YDXCP |b eng |e rda |e pn |c YDXCP |d OCLCO |d STF |d IDEBK |d EBLCP |d N$T |d KNOVL |d CN3GA |d OCLCF |d UIU |d CUS |d DEBSZ |d BUF |d VT2 |d IDB |d OCLCQ |d AGLDB |d ESU |d OTZ |d OCLCQ |d MERUC |d OCLCQ |d REB |d VTS |d CEF |d OCLCQ |d WYU |d INT |d OCLCQ |d AJS |d OCLCO |d OCLCQ |d U@J |d UKUOP |d OCLCO |d OCLCL |d SXB | ||
| 020 | |a 9781849195539 |q (electronic bk.) | ||
| 020 | |a 1849195536 |q (electronic bk.) | ||
| 020 | |a 9781523101047 | ||
| 020 | |a 1523101040 | ||
| 020 | |z 9781849195522 | ||
| 020 | |z 1849195528 | ||
| 035 | |a (OCoLC)945718361 |z (OCoLC)934678526 |z (OCoLC)934770171 |z (OCoLC)951674548 |z (OCoLC)961852313 |z (OCoLC)979067380 |z (OCoLC)987646190 |z (OCoLC)988560332 |z (OCoLC)995039182 |z (OCoLC)1044597912 |z (OCoLC)1049655649 |z (OCoLC)1055252466 |z (OCoLC)1069677109 |z (OCoLC)1119111101 | ||
| 100 | 1 | |a Guay, Martin, |d 1966- |e author. |1 https://id.oclc.org/worldcat/entity/E39PCjCKytcQkBXwYDhGKh4RfC | |
| 245 | 1 | 0 | |a Robust and adaptive model predictive control of non-linear systems / |c Martin Guay, Veronica Adetola and Darryl DeHaan. |
| 264 | 1 | |a Stevenage, United Kingdom : |b The Institution of Engineering and Technology, |c 2015. | |
| 300 | |a 1 online resource (xiii, 252 pages .) | ||
| 336 | |a text |b txt |2 rdacontent | ||
| 337 | |a computer |b c |2 rdamedia | ||
| 338 | |a online resource |b cr |2 rdacarrier | ||
| 490 | 1 | |a IET control, robotics and sensors series ; |v 83 | |
| 504 | |a Includes bibliographical references and index. | ||
| 506 | |a Plný text je dostupný pouze z IP adres počítačů Univerzity Tomáše Bati ve Zlíně nebo vzdáleným přístupem pro zaměstnance a studenty | ||
| 520 | |a The following topics are dealt with: adaptive control; constrained nonlinear systems; disturbance attenuation; robust adaptive economic MPC; and discrete-time systems. | ||
| 590 | |a Knovel |b Knovel (All titles) | ||
| 650 | 0 | |a Adaptive control systems. | |
| 650 | 0 | |a Predictive control. | |
| 655 | 7 | |a elektronické knihy |7 fd186907 |2 czenas | |
| 655 | 9 | |a electronic books |2 eczenas | |
| 700 | 1 | |a Adetola, Veronica, |e author. | |
| 700 | 1 | |a DeHaan, Darryl, |e author. | |
| 776 | 0 | 8 | |i Print version: |a Guay, Martin, 1966- |t Robust and adaptive model predictive control of non-linear systems. |d Stevenage, United Kingdom : The Institution of Engineering and Technology, 2015 |z 9781849195522 |z 1849195528 |w (OCoLC)868380469 |
| 830 | 0 | |a IET control, robotics and sensors series ; |v 83. | |
| 856 | 4 | 0 | |u https://proxy.k.utb.cz/login?url=https://app.knovel.com/hotlink/toc/id:kpRAMPCNS3/robust-and-adaptive?kpromoter=marc |y Full text |